[Event "Hastings Masters op 94th"]
[Site "Hastings"]
[Date "2018.12.28"]
[Round "1"]
[White "Song, Jinwoo James"]
[Black "Park, Sijoon"]
[Result "1-0"]
[WhiteElo "1907"]
[BlackElo "1243"]
[PlyCount "71"]
[EventDate "2018.12.28"]
[EventType "swiss"]
[EventRounds "10"]
[EventCountry "ENG"]
[SourceTitle "CBM 188 Extra"]
[Source "ChessBase"]
[SourceDate "2019.02.26"]
[SourceVersion "1"]
[SourceVersionDate "2019.02.26"]
[SourceQuality "1"]

1. d4 Nf6 2. Nf3 g6 3. c4 d5 4. Nc3 Bg7 5. g3 0-0 6. Bg2 c5 7. dxc5 dxc4 8. Qxd8 Rxd8 9. Ne5 Nbd7 10. Nxc4 Nxc5 11. Be3 Ncd7 12. Bf3 Nf8 13. Na5 Rd7 14. Rd1 Rc7 15. Bf4 Rd7 16. Rxd7 N8xd7 17. Nxb7 Bxb7 18. Bxb7 Rd8 19. Bc7 Re8 20. 0-0 Nc5 21. Bg2 Nfd7 22. Rd1 Rc8 23. Ba5 Nf6 24. Bb4 Ne6 25. Bxe7 Ne8 26. Ba3 Bxc3 27. bxc3 Rxc3 28. Rd3 Rc2 29. Bd5 Rxe2 30. Kf1 Re5 31. Bb2 Rf5 32. Bxe6 fxe6 33. Rd8 Rf8 34. Ba3 Kf7 35. Bxf8 Kxf8 36. Ra8 1-0